History Quiz

Random History Quiz

UN General Assembly - Main Committees Quiz Stats

 Plays Quiz not verified by Sporcle

Also try: Artwork A-Z
Challenge
Share
Tweet
Embed
Score 0/6 Timer 04:00
0 Plays Today
Committee Committee Name % Correct
FirstDisarmament and International Security
87.5%
SixthLegal
87.5%
SecondEconomic and Financial
83.3%
ThirdSocial, Humanitarian and Cultural
79.2%
FourthSpecial Political and Decolonization
79.2%
FifthAdministrative and Budgetary
62.5%

You're not logged in!

Compare scores with friends on all Sporcle quizzes.
OR
Log In

You Might Also Like...

Show Comments

Extras

Top Quizzes Today


Score Distribution

Your Account Isn't Verified!

In order to create a playlist on Sporcle, you need to verify the email address you used during registration. Go to your Sporcle Settings to finish the process.

Report this User

Report this user for behavior that violates our Community Guidelines.

Details: